| 000 | 00871nam a2200265 i 4500 | ||
|---|---|---|---|
| 001 | 171193 | ||
| 003 | ES-MaACL | ||
| 005 | 20230906214549.0 | ||
| 008 | 090504s1987 be |||| | fre d | ||
| 020 | _a2-87027-220-0 | ||
| 080 | _a944"15/17" | ||
| 080 | _a284.5"15/17" | ||
| 100 | 1 |
_aGarrisson, Janine. _9140014 |
|
| 245 | 1 | 3 |
_aLa Saint-Barthélemy, 1572 / _cJanine Garrisson. |
| 260 |
_aBruxelles : _bComplexe, _c1987. |
||
| 300 |
_a219 p. ; _c18 cm. |
||
| 490 | 1 |
_aLa mémoire des siècles ; _v205 |
|
| 500 | _aCronología y tablas genealógicas. | ||
| 504 | _aBibliografía. | ||
| 650 | 0 | 4 |
_aHugonotes. _913497 |
| 651 | 4 |
_aFrancia- _xHistoria- _y1562-1598, Guerras de religión. _98680 |
|
| 830 | 0 |
_aLa mémoire des siècles ; _v205 _9223158 |
|
| 852 | 4 |
_aES-MaACL _jE-12621 _9R.140189 _z. - Biblioteca Jacinto Martínez Lacalle |
|
| 999 |
_c171193 _d171193 |
||